000 00693nam a2200181 i 4500
001 92945
003 ES-MaACL
005 20230906181107.0
007 t|
008 050331s1935 ve ||||1| spa d
100 1 _aLiscano, Tomás.
_972534
245 1 0 _aDiscurso y trabajo de incorporación del Dr. Tomás Liscano como individuo de número de la Academia /
_cTomás Liscano, Discurso de contestación del Académico Dr. Alejandro Urbaneja.
260 _aCaracas :
_b[s.n.] Escuela de Artes y Oficios,
_c1935.
300 _a40 p. ;
_c23 cm.
700 1 _aUrbaneja, Alejandro.
_9112068
710 1 _aAcademia de Ciencias Políticas y Sociales (Caracas)
_91173
852 _aES-MaACL
_j1807-F-15
999 _c92945
_d92945